La Région du Coeur et autres textes
Gardado en:
| Autor Principal: | |
|---|---|
| Formato: | Libro |
| Idioma: | Undetermined |
| Publicado: |
Bruxelles, Belgique
Ediciones Labor
1985
|
| Materias: | |
| Etiquetas: |
Engadir etiqueta
Sen Etiquetas, Sexa o primeiro en etiquetar este rexistro!
|
MARC
| LEADER | 00000nam a2200000Ia 4500 | ||
|---|---|---|---|
| 008 | 170316s9999 xx 000 0 und d | ||
| 040 | |a cru BVZT | ||
| 090 | |a 840 D-14.1r | ||
| 100 | |a Dumont, Fernand | ||
| 245 | |a La Région du Coeur et autres textes | ||
| 260 | |a Bruxelles, Belgique | ||
| 260 | |b Ediciones Labor | ||
| 260 | |c 1985 | ||
| 300 | |a 220 páginas | ||
| 650 | |a LITERATURA FRANCESA | ||
| 650 | |a EN IDIOMA FRANCÉS | ||
| 650 | |a HISTORIAS | ||
| 650 | |a POESÍA | ||
| 999 | |c 7634 |d 7634 | ||
| 942 | |c 15 D |h 840 D-14.1r |2 z | ||
